|
|
|
|
| LEADER |
00000nbm0a2200000 4500 |
| 001 |
226599 |
| 005 |
20231101230737.0 |
| 035 |
|
|
|a (RuTPU)RU\TPU\book\246976
|
| 090 |
|
|
|a 226599
|
| 100 |
|
|
|a 20121123j1969 k y0rusy50 ca
|
| 101 |
0 |
|
|a rus
|
| 102 |
|
|
|a RU
|
| 105 |
|
|
|a a m 001zy
|
| 200 |
1 |
|
|a Разработка радиоизотопных методов и приборов производственного контроля основных геометрических размеров труб
|e диссертация на соискание ученой степени кандидата технических наук
|f Л. А. Драбкин
|g Центральный научно-исследовательский институт чёрной металлургии им. И. П. Бардина (ЦНИИчермет) ; Всесоюзный научно-исследовательский и конструкторско-технологический институт трубной промышленности ; науч. рук. П. Л. Грузин, В. А. Чиж
|
| 210 |
|
|
|a Днепропетровск
|d 1969
|
| 215 |
|
|
|a 168 л.
|c ил.
|
| 320 |
|
|
|a Библиогр.: с. 159-165.
|
| 606 |
|
|
|a Трубное производство
|x Качество продукции
|x Метрологическое обеспечение
|2 stltpush
|3 (RuTPU)RU\TPU\subj\61696
|9 78859
|
| 610 |
1 |
|
|a трубы
|
| 610 |
1 |
|
|a геометрические размеры
|
| 610 |
1 |
|
|a контроль
|
| 610 |
1 |
|
|a производственный контроль
|
| 610 |
1 |
|
|a радиоизотопные методы
|
| 610 |
1 |
|
|a радиоизотопные приборы
|
| 610 |
1 |
|
|a разработка
|
| 610 |
1 |
|
|a диссертации
|
| 675 |
|
|
|a 621.774:658(04)
|v 3
|
| 700 |
|
1 |
|a Драбкин
|b Л. А.
|
| 702 |
|
1 |
|a Грузин
|b П. Л.
|4 727
|
| 702 |
|
1 |
|a Чиж
|b В. А.
|4 727
|
| 712 |
0 |
2 |
|a Центральный научно-исследовательский институт чёрной металлургии им. И. П. Бардина (ЦНИИчермет)
|c (Москва)
|2 stltpush
|3 (RuTPU)RU\TPU\col\16609
|
| 712 |
0 |
2 |
|a Всесоюзный научно-исследовательский и конструкторско-технологический институт трубной промышленности
|2 stltpush
|3 (RuTPU)RU\TPU\col\18295
|9 26970
|
| 801 |
|
1 |
|a RU
|b 63413507
|c 20121123
|
| 801 |
|
2 |
|a RU
|b 63413507
|c 20130611
|g RCR
|
| 942 |
|
|
|c BK
|